| 000 | 02247cam a2200241 a 4500 | ||
|---|---|---|---|
| 001 | 000002803 | ||
| 005 | 20200929150247.0 | ||
| 008 | 060920s2005 sp a b 101 0dspa | ||
| 020 | _a8479088397 | ||
| 040 |
_aDO-SdBNP _bspa _cBNPHU |
||
| 082 |
_aPa860 _bC719d |
||
| 111 | 2 |
_aColoquio Internacional Encuentros con la Literatura Paraguaya _d2003 : _cUniversidad de Alicante) _98858 |
|
| 245 | 1 | 0 |
_aDos orillas y un encuentro : _bla literatura paraguaya actual / _cMar Langa Pizarro. |
| 246 | 3 | _a2 orillas y 1 encuentro | |
| 246 | 3 | 0 | _aLiteratura paraguaya actual |
| 260 |
_aAlicante, España : _bCentro de Estudios Iberoamericanos Mario Benedetti; Universidad de Alicante, _c2005. |
||
| 300 |
_a253 p. : _bil. ; _c24 cm. |
||
| 500 | _a"...el Coloquio Internacional Encuentros con la Literatura Paraguaya celebrado en diciembre de 2003"--P. 3. | ||
| 504 | _aIncluye referencias bibliográficas | ||
| 505 | 0 | _aLa palabra, entrada de sueños y pesadillas / Rubén Bareiro Saguier -- Qué escribimos hoy en Paraguay / Luis Hernáez -- Recuento de una vida al servicio de la palabra / Renee Ferrer -- Recuerdos y escritura ; Temas del revisionismo / Guido Rodríguez Alcalá -- Reflexiones sobre la narrativa paraguaya / Raquel Saguier -- Otra vuelta de tuerca a Roa / Trinidad Barrera -- Iconografías del Paraguay : un recorrido histórico-literario / María Gabriella Dionisi -- Las escritoras y la literatura paraguaya : primeras aportaciones a la narrativa / Teodosio Fernández -- La novela paraguaya del nuevo milenio / Mar Langa Pizarro -- Lectura de El pozo de Gabriel Casaccia / Francisco José López Alfonso -- Los jesuitas y su aportación a la historia del Paraguay : el caso del P. José Sánchez Labrador / Mario Martínez Gomis -- El portal de literatura paraguaya en la Biblioteca Virtual Miguel de Cervantes / Pedro Mendiola ONate -- Elvio Romero, Rubén Bareiro Saguier, Renée Ferrer, Jacobo Rauskin : calas de la poesía paraguaya / José Vicente Peiro Barco -- De encuentros y desencuentros paraguayos / José Carlos Rovira -- La paraguayidad en la cuentística de Josefina Pla / Sonja M. Steckbauer. | |
| 650 | 4 |
_aLiteratura paraguaya _y20th SIGLO _xHistoria y crítica _vCONGRESOS _98859 |
|
| 700 | 1 |
_aLanga Pizarro, M. Mar. _98860 |
|
| 999 |
_c2637 _d2637 |
||